000 01112cam a2200313 4500
008 090401t1993 xxu||||| |||| 00| 0 eng d
020 _a0952281902
035 _a(Sirsi) u46167
041 _aeng
050 _a346.4104346
110 _aLeasehold Enfranchisement Association
_93083
245 _aLeasehold: the case for reform.
260 _aLondon
_bLeasehold Enfranchisement Association
_c1993
300 _a140p. : ill. ; 24cm.
350 _a10
520 _aIncludes a section on the great London estates, which covers the Grosvenor Estate, the Cadogan Estate, Smith`s Charity (Kensington) Estate and the Ilchester Estate.
650 _aCADOGAN ESTATE
650 _aGROSVENOR ESTATE
650 _aHENRY SMITHS CHARITY (KENSINGTON) ESTATE
650 _aILCHESTER ESTATE
650 _aLANDED ESTATES
650 _aLEASEHOLD ENFRANCHISEMENT
650 _aLEASEHOLD REFORM, HOUSING AND URBAN DEVELOPMENT ACT 1993
650 _aSMITHS CHARITY (KENSINGTON) ESTATE
690 _aLANDLORD AND TENANT-LEASEHOLD REFORM
700 _aSouth, Joan
_xEditor
942 _n0
948 _c04/03/1997
999 _c91878
_d91878